000 00553nam a2200229 a 4500
001 nice12345678
003 IN_TiNIC
005 20260116012746.0
008 050524s1973 rama grp 000 0 urd
020 _a
_c5.5
082 0 0 _a297.122
_bMAW
100 _aMawdoodi, S Abul Ala
245 _aKitab Fazail-Ul-Qur`an.
260 _aRampur
_bMaktaba Al-Hasnaat
_c1973
300 _a168p.
500 _aincludes index and biblioraphy
505 2 _aBib, Index
650 _aQuran-Appreciation
902 _bSRS
942 _cBK
999 _c8257
_d8257